000 00737cam a2200241 a 4500
001 000010381
005 20200929162227.0
008 730111s1970 sp 001 p eng
035 _a(DLC) 76260794
035 _a(OCoLC)535921
040 _aDO-SdBNP
_cOKentU
_dBNPHU
082 _aA861.44
_bP277t
100 1 _aPasamanik, Luisa,
_d1930-
_925392
245 1 0 _aTlaloke :
_b(poemas mexicanos) /
_cLuisa Pasamanik.
260 _aMadrid :
_bCultura Hispánica,
_c1970.
300 _a75 p. ;
_c21 cm.
490 1 _aPoética Leopoldo Panero,
_v14
650 4 _aPoesía mexicana
_99120
650 4 _aLiteratura mexicana
_91922
830 0 _aPoética Leopoldo Panero ;
_v14
_914647
910 _aCatalogación por copia / LC
049 _aBNGR
999 _c10140
_d10140